00379 2200169 4500245005200000250001100052110001700063650001800080650001000098005001900108260001700127041001400144084001100158336000900169337001000178338002100188 a1001 Jalan di Bisnis OnlinecInspira BookhText aCet. 1 aInspira Book aBisnis Online aEbook a20230616125849 bInspira Book aIndonesia a658.84 atext aother aother (computer)